000 00816cam a2200253 4500
008 090401t1997 xxu||||| |||| 00| 0 eng d
020 _a0471142050
035 _a(Sirsi) u81118
041 _aeng
050 _a658.2
100 _aLevitt, Allan M.
245 _aDisaster planning and recovery: a guide for facility professionals.
260 _aNew York
_bJohn Wiley & Sons
_c1997
300 _axiii,417p. ; 26cm.
350 _a45
520 _aA practical approach to disaster planning providing strategies, tools and techniques to help avoid or minimize disasters in the workplace.
650 _aDISASTER PLANNING
650 _aDISASTER RECOVERY
650 _aFACILITIES MANAGERS
650 _aRISK MANAGEMENT
690 _aOFFICE SERVICES AND ADMINISTRATION
942 _n0
948 _c26/09/1997
999 _c96671
_d96671